00694 2200205 4500001002100000005001700021008004100038035002400079040001200103082001500115090002000130100002300150245013800173260005000311300002700361500004000388650003000428850001200458990001800470INLIS00000000002336120161020101634.0  0010-101600000000313 aYOPDYOG 223a338.16 aSK 338.16 Kri A aKRISTINA HANDAYANI aAnalisis ekonomi dna usahatani usaha ayam petelur pada berbagai skala di Desa Srikayangan Kabupaten Kulon Progoc/ Kristina Handayani aYogyakartabUniversitas Wangsa Manggalac1998 axii, 62 hlm.c; 30 cm. aSkripsi Universitas Wangsa Manggala aUsaha Tani - Ayam Petelur aYOPDYOG a45734-PD/A.12